000 01188nam a2200265Ia 4500
999 _c19777
_d19777
001 20023
003 DO-CoUTE
005 20260204212512.0
008 220102s9999 dr 000 0 spa d
040 _aDO-CoUTE
_bspa
_cDO-CoUTE
041 0 _aspa
090 _aDER 2019 C15
100 1 _aCamacho Peña, Rayda Marcel
_esustentante
245 1 0 _aEstudio comparativo protección de los derechos de los internos recintos penitenciarios Cotuí-San Francisco de Macorís / Rayda Marcel Camacho Peña, Romelia De La Rosa Montaño, Bryan Antonio Rojas Romero ; asesor Ramón Emilio Peña
260 _aCotuí,República Dominicana:
_bUTECO,
_c2019
300 _a42 hojas
502 _aTrabajo de grado (Licenciatura en Derecho)--Universidad Tecnológica del Cibao Oriental, 2019.
504 _aincluye referencia bibliográfica e índice
650 4 _aEstudio comparativo protección de los derechos
700 1 _aDe La Rosa Montaño, Romelia
_esustentante
700 1 _aRojas Romero, Bryan Antonio
_esustentante
700 1 _aPeña, Ramón Emilio
_easesor
830 0 _aTesis y disertaciones académicas (Universidad Tecnológica del Cibao Oriental)
942 _2LC
_cTH